Liedtext - Pflaster - Ich + Ich - Statistiken

Allgemein
  • Dieses Quiz wurde 184 mal gespielt
  • Das Durchschnittsergebnis liegt bei 198 aus 266
Antwortstatistiken
Textquiz % Korrekt
da
99%
Du
99%
du
99%
Ich
99%
ich
99%
Pflaster
99%
das
97%
bist
96%
meine
96%
Seele
96%
der
95%
mich
95%
wenn
95%
Wenn
95%
im
93%
Im
93%
für
92%
nachts
90%
quäle
88%
meinem
86%
Dunkeln
85%
es
85%
Es
85%
Fenster
85%
vor
85%
immer
81%
dich
80%
mir
80%
wann
79%
zu
77%
In
76%
in
76%
an
74%
frier'
74%
verlier'
74%
Hass
72%
tobt
72%
Kompass
70%
längst
69%
hast
68%
legst
66%
die
63%
hat
63%
nicht
61%
den
60%
hab
60%
mehr
59%
schon
59%
keine
58%
rufe
58%
von
58%
Wir
58%
tiefen
57%
gefunden
55%
hatte
55%
wie
54%
Doch
53%
her
53%
Hoffnung
52%
Und
52%
Sekunde
51%
ein
50%
letzten
50%
Tal
49%
war
49%
Dein
48%
uns
48%
was
47%
sich
46%
verlor'n
46%
haben
45%
irgendwo
45%
Liebe
45%
geschickt
41%
jemand
41%
aus
40%
Faden
37%
fühlte
37%
gebor'n
37%
Herz
37%
fehlt
36%
geht
36%
umsonst
36%
wusste
35%
Dunkelheit
34%
weiter
34%
zählt
34%
befreit
33%
keiner
32%
war'n
32%
Gefangen
31%
genau
31%
Käfig
31%
Nur
31%
Zombie
31%
Anfang
28%
holtest
28%
kamst
28%
jetzt
27%
bestimmt
26%
Bevor
26%
nimmt
26%
füreinander
25%
heißes
23%
Gewissheit
22%
Keine übereinstimmenden Quizze gefunden
Verteilung der Resultate
Anzahl Personen mit jedem Resultat
Perzentil nach korrekt beantworteten Fragen
Ihre Resultats-Entwicklung
Sie haben dieses Quiz noch nicht gespielt